Learning to tell=learning the calendar [

Bibliographic Details
Format: Book
Published: s.l : s.n , 19-
Subjects:

MARC

LEADER 00000cam a2200000 7i4500
001 0000002232
002 000002433
005 20000330.0
020 |a 000002433 
090 0 0 |a J529   |b LEA 
245 1 0 |a Learning to tell=learning the calendar [  |h videorecording] 
260 |a s.l :   |b s.n ,   |c 19- 
300 |a 1 videocassette VHS(30min.) :   |b Col.(PAL) 
650 0 0 |a Time   |x Juvenile literature 
999 |a 00128   |b VIDEO   |c KOLEKSI AUDIO VIDEO   |e PERPUSTAKAAN KOMUNITI PETALING JAYA